| 000 | 01078nam a22002897a 4500 | ||
|---|---|---|---|
| 001 | BR6004668 | ||
| 003 | BR-BrBNA | ||
| 005 | 20230928083214.0 | ||
| 007 | ta | ||
| 008 | 230509b bl.||||| |||| 00| 0 por d | ||
| 040 |
_aBR-BrBNA _bpor _cBiblioteca Nacional de Agricultura |
||
| 041 | _a(Por) | ||
| 072 |
_aF00; F25 _b0170 _b3820 |
||
| 090 | _ 0170 BR6004668 | ||
| 100 | 1 | _aCosta, J.A. | |
| 110 | 1 |
_aUniversidade Federal do Rio Grande do Sul, Porto Alegre (Brasil). Faculdade de Agronomia e Veterinaria _0Tese (Magister Scientiae em Producao Vegetal) _911161 |
|
| 245 | 1 | _aInfluencia da populacao de plantas de niveis de adubacao nitrogenada e de epocas de semeadura sobre os componentes da producao de dois cultivares de sorgo granifero (Sorghum vulgare, Pers.) | |
| 260 | 3 |
_aPorto Alegre, RS (Brasil): _c1970. |
|
| 300 | _a57 p. | ||
| 500 | _a24 ref.; Summary (Por); Microficha | ||
| 650 | _aFertilidade do solo | ||
| 650 | _aSorgo granifero | ||
| 650 | _aFertilizante nitrogenado | ||
| 650 | _aSemeadura | ||
| 909 |
_a202309 _bLucia _c55 _dLucia Elande |
||
| 942 | _cBK | ||
| 999 |
_c12145 _d12145 |
||